000 00690nam a2200241 i 4500
003 DO-SdUEMH
005 20260128162354.0
007 ta
008 260128s1996 dr |||gr|||| 00| 0 spa d
020 _a8484002209
040 _aDO-SdUEMH
_bspa
_erda
041 _aspa
082 1 4 _mRD
_bP438
100 1 _eautr
245 _aCódigo Penal Dominicano Anotado:
_bdisposiciones preliminares /
_cArtagnan Pérez Méndez
264 1 _aSanto Domingo, República Dominicana :
_bTaller,
_c1996
264 4 _c©1996
300 _a747 páginas :
_c22 cm.
336 _2rdacontent
_atexto
_btxt
337 _2rdamedia
_asin mediación
_bn
338 _2rdacarrier
_avolumen
_bnc
942 _2ddc
_cBK
_n0
999 _c18363
_d18363